Autonomous agent architecture for sage (Hard / Softcopy) (Record no. 185935)

000 -LEADER
fixed length control field 00497 a2200181 4500
003 - CONTROL NUMBER IDENTIFIER
control field Nust
005 - DATE AND TIME OF LATEST TRANSACTION
control field 20251007103733.0
040 ## - CATALOGING SOURCE
Transcribing agency Nust
082 ## - DEWEY DECIMAL CLASSIFICATION NUMBER
Classification number 005.1
100 ## - MAIN ENTRY--PERSONAL NAME
Personal name Tariq , Amina BESE-07
9 (RLIN) 130968
245 ## - TITLE STATEMENT
Title Autonomous agent architecture for sage (Hard / Softcopy)
Statement of responsibility, etc. Amina Tariq & Amna Basharat BESE-07
260 ## - PUBLICATION, DISTRIBUTION, ETC.
Name of publisher, distributor, etc. MCS
Date of publication, distribution, etc. May 2005
300 ## - PHYSICAL DESCRIPTION
Extent 104 p
538 ## - SYSTEM DETAILS NOTE
System details note Almirah No.71 Shelf No.4
650 ## - SUBJECT ADDED ENTRY--TOPICAL TERM
Topical term or geographic name entry element UG Projects
9 (RLIN) 98716
651 ## - SUBJECT ADDED ENTRY--GEOGRAPHIC NAME
Geographic name UG CS Projects
9 (RLIN) 130965
942 ## - ADDED ENTRY ELEMENTS (KOHA)
Koha item type Project Report
Source of classification or shelving scheme
Holdings
Withdrawn status Lost status Source of classification or shelving scheme Damaged status Not for loan Permanent Location Current Location Shelving location Date acquired Full call number Barcode Date last seen Price effective from Koha item type Public note
          Central Library (CL) Central Library (CL) Thesis 11/04/2020 005 CL-BP-661 11/04/2020 11/04/2020    
          Military College of Signals (MCS) Military College of Signals (MCS) Reference 12/12/2016 005.1,TAR MCSPCS-106 12/08/2016 12/12/2016 Project Report Almirah No.89, Shelf No. 2
© 2023 Central Library, National University of Sciences and Technology. All Rights Reserved.